000 01240nam0a2200301 4500
001 RU\NLR\BIBL_A\016274855
005 20250625022211.0
010 _a978-5-7670-3096-5
_92250
021 _aRU
_b2022-059418
_95152
035 _a(NLR Aleph) 016274855
090 _a13313699
_c13313699
100 _a20230202d2022 |||y0rusy50 ca
101 0 _achv
102 _aRU
105 _ac z 000 y
181 0 _ai
_baxxe
182 0 _an
200 1 _aТăван литература
_eвěренӳпе вулав кӗнеки
_e11-мӗш кл. валли
_f[А. Ф. Мышкина ҫырса-пухса хатӗрленӗ]
203 _aТекст
_bвизуальный
_cнепосредственный
210 _aШупашкар
_cЧӑваш кӗнеке изд-ви
_d2022
215 _d21
_a431 с.
_cпортр.
541 1 _aРодная (чувашская) литература
_eучеб. пособие для общеобразоват. орг-ций с родным (чувашским) языком обучения,11-й кл.
_zrus
686 1 _aШ163.51-922
702 1 _aМышкина
_bА. Ф.
_gАльбина Федоровна
_4220
852 _aNLR
_bОНЛ
_jЧув./3-4417
942 _cBOOK
980 _aNB